Quan hệ nhân quả:
Giới thiệu các lý thuyết then chốt về mối quan hệ nhân quả cũng như những tranh luận xung quanh mối quan hệ này
Đã lưu trong:
| 主要作者: | |
|---|---|
| 格式: | 圖書 |
| 語言: | Undetermined |
| 出版: |
Thành phố Hồ Chí Minh
Tổng hợp Thành phố Hồ Chí Minh
2018
|
| 主題: | |
| 標簽: |
添加標簽
沒有標簽, 成為第一個標記此記錄!
|
| Thư viện lưu trữ: | Trung tâm Học liệu Trường Đại học Cần Thơ |
|---|
| LEADER | 00796nam a2200205Ia 4500 | ||
|---|---|---|---|
| 001 | CTU_230833 | ||
| 008 | 210402s9999 xx 000 0 und d | ||
| 020 | |c 75000 | ||
| 082 | |a 122 | ||
| 082 | |b M962 | ||
| 100 | |a Mumford, Stephen | ||
| 245 | 0 | |a Quan hệ nhân quả: | |
| 245 | 0 | |c Stephen Mumford, Rani Lill Anjum ; Hoàng Phú Phương dịch | |
| 260 | |a Thành phố Hồ Chí Minh | ||
| 260 | |b Tổng hợp Thành phố Hồ Chí Minh | ||
| 260 | |c 2018 | ||
| 520 | |a Giới thiệu các lý thuyết then chốt về mối quan hệ nhân quả cũng như những tranh luận xung quanh mối quan hệ này | ||
| 650 | |a Nhân quả,Causation. | ||
| 910 | |a Tuyến | ||
| 980 | |a Trung tâm Học liệu Trường Đại học Cần Thơ | ||